Paralelné bio-inšpirované algoritmy

Enregistré dans:
Détails bibliographiques
Auteur principal: Balušík, Igor (Auteur)
Autres auteurs: Sekaj, Ivan (Directeur de thèse)
Format: Manuscrit Livre
Langue:slovaque
Publié: 2017
Sujets:
Accès en ligne:http://is.stuba.sk/zp/portal_zp.pl?podrobnosti=127351
Tags: Ajouter un tag
Pas de tags, Soyez le premier à ajouter un tag!

MARC

LEADER 00000ntm a22000003a 4500
001 stuzp62456
003 SK-STU
005 20170627094508.1
007 ta
008 150427s2015----xo-----f-mn---000-0-slo-d
040 |a STU  |b slo 
041 0 |a slo 
044 |a xo 
100 1 |a Balušík, Igor  |u 035000  |4 aut  |U FEI Fakulta elektrotechniky a informatiky  |T FEI Ústav informatiky a matematiky  |X 8710  |U E050  |Y 816  |7 8710 
242 0 1 |a Parallel Bio-inspired Algorithms  |y eng 
245 1 0 |a Paralelné bio-inšpirované algoritmy 
260 |c 2017 
300 |a 49 s.,  |b CD-ROM 
650 4 |a evolučné algoritmy  |2 slo 
650 4 |a heterogénna paralelizácia  |2 slo 
650 4 |a optimalizácia  |2 slo 
650 4 |a ostrovná paralelizácia  |2 slo 
650 4 |a bio-inšpirované algoritmy  |2 slo 
650 4 |a island parallelization  |2 eng 
650 4 |a evolutionary algorithms  |2 eng 
650 4 |a bio-inspired algorithms  |2 eng 
650 4 |a heterogenous parallelization  |2 eng 
650 4 |a optimization  |2 eng 
700 1 |a Sekaj, Ivan  |u 031000  |k Z1  |4 ths  |U FEI Fakulta elektrotechniky a informatiky  |T FEI Ústav robotiky a kybernetiky  |X 4946  |U E011  |Y 356  |7 A000004946 
856 4 |u http://is.stuba.sk/zp/portal_zp.pl?podrobnosti=127351 
996 |b 284EP11611  |c E*DIPL- 11611  |l EE35  |s P  |a 0  |w stuzp62456_0001